| 000 | 00500nam a2200181 a 4500 | ||
|---|---|---|---|
| 020 | _a0675031613 | ||
| 040 | _cDLC | ||
| 082 | 0 | 0 | _a574 MER 1984 A109 Or. |
| 100 | 1 | _aHeimler, Charles H. | |
| 245 | 1 | 0 | _aFocus on life science / |
| 250 | _aTeacher's annotated ed. | ||
| 260 |
_aColumbus, Ohio : _bC.S. Merrill Pub. Co., _cc1984. |
||
| 300 |
_a126, viii, 536 p. : _bill. (some col.) ; _c24 cm. |
||
| 650 | 0 | _aLife sciences. | |
| 700 | 1 | _aDaniel, Lucy. | |
| 700 | 1 | _aLockard, J. David. | |
| 942 | _cEK | ||
| 999 |
_c16651 _d16651 |
||